[Event "EU-Cup 18th"]
[Site "Kallithea"]
[Date "2002.09.28"]
[Round "7.1"]
[White "Grischuk, Alexander"]
[Black "Bareev, Evgeny"]
[Result "1/2-1/2"]
[WhiteElo "2702"]
[BlackElo "2726"]
[Annotator "Psakhis,L"]
[PlyCount "109"]
[EventDate "2002.09.22"]
[EventType "team-swiss"]
[EventRounds "7"]
[EventCountry "GRE"]
[SourceTitle "CBM 092"]
[Source "ChessBase"]
[SourceDate "2003.02.06"]
[SourceVersion "1"]
[SourceVersionDate "2003.02.06"]
[SourceQuality "1"]
[WhiteTeam "Paris NAO"]
[BlackTeam "Norilsk Nikel"]
[WhiteTeamCountry "FRA"]
[BlackTeamCountry "RUS"]

1. e4 e6 2. d4 d5 3. e5 c5 4. c3 Nc6 5. Nf3 Bd7 {It's always a pleasure to see
the duel between two great experts in this very popular line.} 6. Be2 Rc8 7.
O-O a6 8. g3 $146 {Deviating from the theory at very early stage.} (8. dxc5
Bxc5 9. Bf4 Nge7 10. Bd3 f5 11. exf6 gxf6 12. Nh4 O-O 13. Qg4+ Kh8 14. Qh5 f5
15. b4 Bb6 16. Nd2 Bc7 17. Be3 e5 18. b5 axb5 19. Bxb5 Qe8 $13 {1/2-1/2 Oll,
L-Ivanchuk,V/Polanica Zdroj 1998/CBM 67/[Psakhis,L] (25)}) ({Worth considering
} 8. Na3 {and after for example} Nge7 9. dxc5 $1 Ng6 10. b4 Be7 11. Be3 O-O 12.
Qd2 Ngxe5 13. Nxe5 Nxe5 14. f4 Ng6 15. Nc2 $14 {1/2-1/2 Erenburg,S-Psakhis,L/
ISR t-ch 2002 (15) White got a small advantage}) ({Grischuk had already
expierence in this line and twice he continued} 8. Kh1 cxd4 (8... Nge7 9. dxc5
Ng6 10. Be3 Ncxe5 11. Nxe5 Nxe5 12. b4 Be7 13. Nd2 Nc6 14. f4 Bf6 15. Rc1 O-O
16. Nf3 $14 {1-0 Grischuk,A-Radjabov,T/Dubai FIDE GP 2002/CBM 89 (34)}) 9. cxd4
Nge7 10. Nc3 Ng6 11. Bd3 Be7 12. Be3 O-O 13. Re1 Na5 14. Rc1 Nc4 15. Rc2 Nxe3
16. fxe3 b5 17. a3 $14 {1-0 Grischuk,A-Radjabov,T/Dubai FIDE GP 2002/CBM 89 
(59)}) 8... h6 9. h4 Qc7 10. h5 Nge7 11. Re1 {[%mdl 2048] Quite difficult
position to play for both sides -concrete plans are not existing and the
players must spent time for long manoeuvres.} cxd4 12. cxd4 Qb6 13. g4 ({
gives time for Black to finish development -} 13. Na3 Nf5 14. Nc2 Be7 $13)
13... g6 ({The move in the game is not bad at all, but also worth of
considering was the sharp} 13... f5 $5 14. exf6 (14. gxf5 Nxf5 {[%csl Rd4]})
14... gxf6 {[%cal Gh8g8] with a quite promising position for black.}) 14. hxg6
Nxg6 15. Nc3 Rg8 (15... h5 $5 16. gxh5 (16. g5 h4 $132) 16... Rxh5 $13) 16. Kh1
Be7 17. Rg1 (17. Na4 Qd8 {[%cal Ge7g5]}) 17... Bg5 (17... Rh8 $5 {[%cal Gh6h5]}
) 18. Rb1 ({Perhaps White should have considered} 18. Na4 Qa7 19. Nc5 $140 Nxd4
20. Nxd7 Nxf3 21. Bxg5 Nxg5 22. Nf6+ Kf8 $13) 18... Qd8 19. Be3 f6 $1 20. exf6
Qxf6 21. Qd2 (21. Na4 $5) 21... Nce7 ({Worth considering} 21... Nf4 $142 22.
Bf1 (22. Nxg5 hxg5 23. Bxf4 gxf4 {[%csl Rd4]}) 22... Rh8 $1 $36 {with very
complicated struggle with better prospects for Black}) 22. Nxg5 hxg5 23. Bxg5 (
23. Rg2 Nf4) 23... Qxf2 24. Rg2 $8 Rh8+ 25. Bh6 Rxh6+ $5 {Interesting exchange
sacrifice. Bareev eliminates the strong white bishop and wins the important
central pawn d4.} (25... Qf4 26. Rh2) 26. Qxh6 Qxd4 27. Rd1 Qf4 28. Rh2 (28. g5
$5 Bc6 (28... Kd8 29. Bd3 Be8) 29. Bh5 (29. Rf1 Qe5 30. Bh5 d4 $132) 29... Qf5
$13 {[%cal Gd5d4,Ge8d7] leads to very complicated game.}) 28... Bc6 29. Qxf4
Nxf4 $44 {[%csl Gc6,Gd5,Ge6,Gf4]} 30. Rh8+ Kf7 31. Rxc8 Nxc8 32. Kh2 e5 $15 {
It became clear that just Black can continue to play for a win.} 33. Kg3 $5 (
33. Bf3 $5) 33... d4 $1 34. Bc4+ Kf6 35. Ne2 Nd6 36. Nxf4 $1 {Inportant
resource! Sacrificing the knight for two pawns Grischuk is getting very good
chances for a draw.} exf4+ 37. Kxf4 Nxc4 38. b3 Ne3 39. g5+ Kg6 40. Rxd4 Nd5+
41. Ke5 Nc3 42. Rd2 Ne4 ({In the case of} 42... Kxg5 43. Rc2 Nd5 44. Rxc6 $1
bxc6 45. Kd6 $11 {leads to force draw.}) 43. Rd8 Nc3 (43... Nxg5 44. Rd6+ Kg7
45. Rxc6 bxc6 46. Kd6 $11) 44. a3 ({White could play already} 44. Rd6+ Kxg5 45.
Rxc6 $1 bxc6 46. Kd6 Nxa2 47. Kxc6 Kf6 48. Kb6 Nb4 49. Ka5 $11) 44... Kxg5 45.
Rg8+ Kh4 46. Rg1 {[%csl Rh4]} Ne2 47. Rg6 Nc1 48. b4 Nd3+ 49. Kd4 Nb2 50. Rxc6
$1 {Finally!} bxc6 51. Kc5 Kg5 52. Kxc6 Kf6 53. Kb7 Nc4 54. a4 a5 55. bxa5 (55.
b5 Nb2 56. Ka6 Nxa4 $11) 1/2-1/2

[Event "Bundesliga 0203"]
[Site "Germany"]
[Date "2002.12.15"]
[Round "6.1"]
[White "Grischuk, Alexander"]
[Black "Brynell, Stellan"]
[Result "1-0"]
[WhiteElo "2702"]
[BlackElo "2508"]
[Annotator "Finkel,A"]
[PlyCount "43"]
[EventDate "2002.10.19"]
[EventType "team-tourn"]
[EventRounds "15"]
[EventCountry "GER"]
[SourceTitle "CBM 093"]
[Source "ChessBase"]
[SourceDate "2003.04.01"]
[SourceVersion "1"]
[SourceVersionDate "2003.04.01"]
[SourceQuality "1"]
[WhiteTeam "Luebeck"]
[BlackTeam "Neukoelln"]
[WhiteTeamCountry "GER"]
[BlackTeamCountry "GER"]

1. e4 e6 2. d4 d5 3. Nc3 Nf6 4. Bg5 Be7 5. e5 Nfd7 6. h4 $5 {Grischuk is
fantastic attacking player so this variation used by Alekhine perfectly suits
his agressive style.} Bxg5 7. hxg5 Qxg5 8. Qd3 g6 9. Nf3 Qe7 10. O-O-O {
More populat in the following position is 1o.Qe3} (10. Qe3 Nc6 11. O-O-O Nb6
12. Rh6 (12. Ng5 h5 (12... Bd7 $6 13. Nxh7 O-O-O 14. Be2 Be8 15. a3 $14 {
Hector,J-Fries Nielsen,J/Stavanger 1991}) 13. Rh3 (13. g4 $6 Bd7 14. gxh5 gxh5
15. a3 O-O-O 16. Nf3 f6 17. Re1 Rdf8 $17 {Martorelli,A-Coratella,G/Porto San
Giorgio 2001}) 13... Na5 14. b3 Bd7 15. Rf3 Rf8 16. Nh7 Rh8 17. Nf6+ Kd8 18.
Qf4 $44 {Velimirovic,D-Jeremic,V/Budva 2002}) 12... Bd7 13. Qg5 Qxg5+ 14. Nxg5
Ke7 15. Nxh7 Rac8 16. f4 Nb8 17. Bd3 $14 {Hector,J-Brynell,S/Malmo 1993}) 10...
a6 (10... Nb6 11. Qe3 Bd7 12. Qh6 Nc6 13. Qg7 O-O-O 14. Rxh7 Rxh7 15. Qxh7 Na5
16. Qh4 Qb4 17. a3 Qf8 18. Nd2 $14 {Duraku,E-Jordan,T/Augsburg 2001}) 11. Qe3
c5 12. dxc5 Qxc5 (12... Nxc5 $2 13. Rxd5 $1 exd5 14. Nxd5 Qf8 15. Nc7+ Kd8 16.
Nxa8 $18) 13. Qf4 {Keeping an eye on f7.} Nc6 14. Bd3 Qb4 (14... b5 $5 15. Rde1
{[%cal Gf3g5]} (15. Rh6 $6 b4 16. Ne2 Qxf2 17. Rdh1 Bb7 18. Qg5 Nc5 $17 {
[%cal Gb4b3,Gc6b4]}) 15... b4 16. Ng5 Rf8 17. Na4 Qa5 18. b3 $44) 15. Be4 $1
$40 {Very strong move posing black serious problems.} dxe4 {It seems that
black is forced to accept a gift since R:d5 was threatend.} (15... b5 16. Rxd5
$1 exd5 17. Nxd5 Qa5 18. e6 fxe6 19. Bxg6+ Kd8 20. Qg5+ $18) 16. Nxe4 Rf8 $6 ({
More stubborn was} 16... Kd8 $5 17. Qxf7 Qe7 18. Nfg5 Kc7 19. Qxe7 Nxe7 20. Nf7
Rg8 21. Rxh7 Nf8 22. Rh3 $36 {even though white keeps extremly strong
initiative even with the queens off the board.}) 17. a3 Qe7 (17... Qa5 18. Qh4
{[%csl Re8][%cal Ge4d6]} Ne7 19. Nd6+ Kd8 20. Ng5 Kc7 21. Nxh7 $18 {[%csl Re7,
Rf8]}) 18. Qe3 $1 {Not letting black king to escape to c7.} Rh8 (18... f5 19.
exf6 Rxf6 20. Nfg5 $1 h5 21. g4 $40) (18... Kd8 $2 19. Qb6+ Ke8 20. Rxd7 $18)
19. Nfg5 Ndxe5 {Nothing changed a capture with another knight:} (19... Ncxe5
20. Nxh7 {[%cal Gh7f6]} Rg8 21. Qc3 f5 22. Rxd7 Nxd7 23. Nhf6+ Nxf6 24. Nxf6+
Kf7 25. Nxg8 $18 {and black is helpless.}) 20. Nxh7 $18 {[%cal Ge4f6]} Rxh7 21.
Rxh7 Qf8 22. Nf6+ (22. Nf6+ Ke7 23. Qg5 $18) 1-0

[Event "Bundesliga 0203"]
[Site "Germany"]
[Date "2003.03.08"]
[Round "12.2"]
[White "Grischuk, Alexander"]
[Black "Krasenkow, Michal"]
[Result "1/2-1/2"]
[WhiteElo "2702"]
[BlackElo "2651"]
[Annotator "Rogozenco,D"]
[PlyCount "82"]
[EventDate "2002.10.19"]
[EventType "team-tourn"]
[EventRounds "15"]
[EventCountry "GER"]
[SourceTitle "CBM 094"]
[Source "ChessBase"]
[SourceDate "2003.05.26"]
[SourceVersion "1"]
[SourceVersionDate "2003.05.26"]
[SourceQuality "1"]
[WhiteTeam "Luebeck"]
[BlackTeam "Baden Oos"]
[WhiteTeamCountry "GER"]
[BlackTeamCountry "GER"]

1. e4 c5 2. Nf3 e6 3. d4 cxd4 4. Nxd4 Nf6 5. Nc3 Nc6 6. Ndb5 d6 7. Bf4 e5 8.
Bg5 a6 9. Na3 b5 10. Bxf6 gxf6 11. Nd5 f5 12. Bd3 Be6 13. O-O ({Two months
previous to this game Grischuk chose another line against same opponent:} 13.
Qh5 Rg8 (13... Bg7 14. O-O $14) 14. g3 Rg5 15. Qd1 Bxd5 16. exd5 Ne7 17. c3 Qb6
18. Nc2 {Grischuk,A-Krasenkow,M/Wijk aan Zee 2003 and won. However, the
outcome in Wijk aan Zee had nothing to do with the position after the opening
- Black was doing fine.}) 13... Bxd5 (13... Bg7 {allows White a favourable
transposition:} 14. Qh5 $14 {see the previous comment.}) 14. exd5 Ne7 15. Qh5 {
White usually plays it after c2-c3, in order to keep the bishop on the
diagonal b1-h7.} (15. Nxb5 {wins a pawn, but handles Black the initiative:} Bg7
16. Nc3 e4 17. Bc4 Ng6 $44) (15. c3 Bg7 16. Qh5 e4 {in the main subject of
discussions in Sveshnikov Sicilian lately.}) 15... e4 16. Be2 Bg7 17. c3 O-O
18. Nc2 f4 {A position well-known to Krasenkow, who many years ago played it
with both colours.} 19. Qg5 (19. a4 f5 (19... Ng6 20. Kh1 Re8 21. Nb4 Re5 22.
Qh3 f3 23. gxf3 Nf4 24. Qg4 Qf6 25. fxe4 Rg5 26. Qf3 Rh5 27. Nd3 Rxh2+ 28. Kxh2
Qh4+ {1/2-1/2 Sadvakasov,D-Janssen,R/Amsterdam 2002.}) 20. Rfe1 (20. axb5 f3 $1
$36 {Krasenkow-Gorelov, Moscow 1982}) 20... f3 $1 21. gxf3 Nxd5 22. fxe4 Nf4
23. Qf3 fxe4 $17 {Yurtaev-Krasenkow, Tashkent 1987}) (19. f3 f5 20. fxe4 fxe4
21. Bg4 Kh8 22. Rae1 Be5 23. Rxe4 Nxd5 $13 24. Re2 $2 f3 $1 $36 {
Sadvakasov-Babula, Bled 2002}) 19... f5 {Best moves from Black.} 20. Rfd1 (20.
Qxf4 Nxd5 21. Qd2 Nb6 {followed by ...d5 gives Black a good play.}) 20... f3 {
Black's play is typical for such positions - he sacrifices a pawn, sometimes
even two in order to open files and get squares for his pieces on the kingside.
} 21. gxf3 Kh8 $146 (21... Rf6 22. Kh1 Rg6 $13 {Charpentier-Leconte. corr 1992}
) 22. Kh1 Rg8 23. Qe3 Ng6 $44 24. Nd4 (24. fxe4 Be5 25. Nd4 {- 25.fxe4.}) 24...
Be5 25. Nxf5 (25. fxe4 fxe4 $5 26. Qxe4 Qf6 $44) 25... exf3 26. Qxf3 (26. Bxf3
Qf6 (26... Nh4 $5) 27. Be4 Rae8 28. Rg1 Rgf8 $44) 26... Qf6 $1 {White is two
pawns up, but Black has a good compensation. For a Sveshnikov Sicilian player
such a position is certainly enjoyable with Black - material doesn't matter
for the moment, while he has good possibilities to develop an attack on the
dark squares.} 27. Bd3 Nh4 28. Qh5 Rg2 29. f4 (29. Qxh4 Qxh4 ({weaker is} 29...
Rxh2+ 30. Qxh2 Bxh2 31. Kxh2 Rg8 32. Rg1 Qe5+ 33. Rg3 Rf8 34. Rag1) 30. Nxh4
Rxh2+ 31. Kg1 Rxh4 $11) (29. Ng3 $2 Rxh2+ 30. Kxh2 Qxf2+ 31. Kh3 Qxg3#) 29...
Bxf4 30. Ng3 Qh6 (30... h6 $6 31. Rg1 Rd2 $140 32. Rae1 $1 Rxd3 33. Re8+ Rxe8
34. Qxe8+ Kh7 35. Nh5 $18) 31. Qxh6 Bxh6 32. a4 Rxb2 33. axb5 Rf8 34. Rf1 (34.
bxa6 $2 Rff2 35. Nf1 (35. Be2 Rbxe2 36. Nxe2 Nf3 {and mate next}) 35... Nf3 $19
) (34. Rxa6 Rff2 35. Be2 (35. Ra8+ $142 Kg7 36. Nh5+ Kf7 37. Ra7+ Kf8 38. Ra8+
Kf7 $11) 35... Nf3 $1 (35... Rbxe2 36. Nxe2 Nf3 37. Ra8+ Kg7 38. Rg1+ $1 Nxg1
39. Nxg1 Bf4 40. Nh3 $1 Rxh2+ 41. Kg1 Rxh3 42. b6) 36. Ra8+ Kg7 37. Bxf3 Rxh2+
38. Kg1 Be3+ 39. Kf1 Rhf2+ 40. Ke1 Rxf3 $19) 34... Rxf1+ 35. Bxf1 (35. Rxf1
axb5 36. Ne4 b4 $5 37. cxb4 Rxb4 38. Nxd6 Rd4 {with an easy draw:} 39. Rg1 (39.
Nf7+ Kg7) (39. Be4 Bf4 $1) 39... Ng6 40. Bxg6 hxg6 41. Rxg6 Bf4 $11 ({but not} 
41... Kh7 $4 42. Rxh6+ Kxh6 43. Nf5+ $18)) (35. Nxf1 axb5 36. Ra8+ Kg7 37. Ra7+
Kf6 38. Rxh7 Bg5 {and again the draw is most likely}) 35... axb5 36. Ra8+ Kg7
37. Ra7+ Kg8 38. Ra8+ Kf7 39. Ra7+ Kg8 40. Ra8+ Kf7 41. Ra7+ Kg8 1/2-1/2

[Event "Bundesliga 0203"]
[Site "Germany"]
[Date "2003.03.09"]
[Round "13.2"]
[White "Golubev, Mikhail"]
[Black "Grischuk, Alexander"]
[Result "0-1"]
[WhiteElo "2528"]
[BlackElo "2702"]
[Annotator "Lukacs,P"]
[PlyCount "60"]
[EventDate "2002.10.19"]
[EventType "team-tourn"]
[EventRounds "15"]
[EventCountry "GER"]
[SourceTitle "CBM 094"]
[Source "ChessBase"]
[SourceDate "2003.05.26"]
[SourceVersion "1"]
[SourceVersionDate "2003.05.26"]
[SourceQuality "1"]
[WhiteTeam "Stuttgart"]
[BlackTeam "Luebeck"]
[WhiteTeamCountry "GER"]
[BlackTeamCountry "GER"]

1. e4 c6 2. d4 d5 3. e5 Bf5 4. Be3 e6 5. Nd2 Nd7 6. f4 h5 {This is the good
old plan, Black wants to blockade the light squares on the >>.} (6... c5 7.
Ngf3 Qb6 8. Qc1 Ne7 9. Be2 Nc6 10. c3 cxd4 11. Nxd4 Nxd4 12. Bxd4 Bc5 13. Nb3
Bxd4 14. Nxd4 {The N is an excellent blockader on d4, but in comparision to
the French the B on f5 is out of passivity.} O-O 15. O-O Nc5 16. Kh1 {1/2:1/2
Kasimdzhanov-Anand, FIDE World Cup Final 2002}) (6... Qb6 7. Nb3 Ne7 8. Nf3 {
White is well-prepared against the freeing move c5.} a5 9. a4 Bg4 10. Be2 Nf5
11. Bf2 Bb4+ 12. c3 Be7 13. O-O O-O 14. Rb1 Rfd8 15. Nbd2 {White wants to take
back with the N on f3 and advance on the >>.} c5 16. h3 Bxf3 17. Nxf3 cxd4 18.
cxd4 Bf8 19. Bd3 Rac8 20. g4 $14 {Vysochin-Iljin, St Petersburg 2002}) (6... f6
7. Ngf3 Nh6 8. exf6 {This is not logical, White's main idea with f4 is to hold
the stronghold on e5.} Qxf6 9. h3 Qg6 10. g4 Bxc2 11. Qe2 Be7 12. Rc1 O-O 13.
Qg2 (13. f5 $6 exf5 14. Bxh6 Qxh6 $17) 13... Ba4 $17 {Paehtz-Schandorff,
GER-chT 2002/03}) 7. Ngf3 Nh6 8. Be2 Be7 9. Nb3 Rc8 {/\ c5 soon or later.} 10.
Qd2 {This is the beginning of a wrong plan.} (10. O-O Ng4 11. Bd2 {was the
logical setup.}) 10... Be4 11. O-O-O $2 {The white K soon finds himself in
trouble on the <<, while the advance on the other flank is far from easy. The
K belongs to the >>!} (11. O-O Nf5 12. Bf2 $13) 11... b6 $1 {/\ c5} (11... Nf5
12. Bf2) 12. Kb1 c5 13. dxc5 (13. Ba6 Rc7) 13... bxc5 {Now Black gets the
upper hand in the [+], his pawns can easily be mobilized, and an -> on the <<
is in the near future.} 14. Ng5 Bxg5 (14... c4 $5 {deserved attention as well.}
15. Nxe4 (15. Nd4 c3) 15... cxb3 16. Nc3 bxc2+ (16... bxa2+ 17. Nxa2 Nf5) 17.
Qxc2 Nf5 18. Bf2 Bb4 $132) 15. fxg5 Ng4 16. Bb5 O-O 17. Bxd7 Qxd7 18. Nxc5 Qb5
{White has won a P, but the b and c lines are ideal for an ->.} 19. Nxe4 dxe4
20. Bd4 Rfd8 (20... e3 21. Bxe3 Nxe5 $40) 21. Qf4 (21. g6 $6 fxg6 22. Qg5 e3 $1
23. Qxg6 Nf2 24. Qxe6+ (24. Rdf1 Rb8 $19) 24... Kh8 25. Qf5 Nxh1 $1 (25... Nxd1
26. Rxd1 Qe2) 26. Rxh1 Qe2 27. Rc1 (27. b3 Rf8 $19) 27... Rf8 28. Qg6 Qd2 $19)
21... e3 $1 22. Rdf1 (22. Rde1 Rd7 $17) 22... Rd7 (22... Nf2 23. Rxf2 (23. g6
fxg6 $17) (23. Bxe3 $2 Rxc2 $1 24. Bc1 Rdd2 $19) 23... exf2 24. Qxf2 Rc7 $15)
23. Bxe3 $2 {[#]} (23. g6 fxg6 24. Bxe3 Rxc2 $1 $19 {is similar to the game.})
(23. h3 $1 {was the best practical chance sacrificing an exchange after} Nf2
24. Rxf2 exf2 25. Qxf2 $15) 23... Rxc2 $1 $19 {[%mdl 64] and White's position
collapses quickly.} 24. Bc1 (24. Kxc2 $2 Qd3+ 25. Kc1 Rc7+ $19) 24... Nxe5 {
Now Black is even materially better.} 25. Qe4 Re2 26. Qa8+ Kh7 27. Re1 Rdd2 28.
Bxd2 (28. Rxe2 Rxe2 $19) 28... Nc4 29. Bc3 (29. g6+ fxg6 $19) 29... Rxb2+ 30.
Ka1 Rxa2+ 0-1

[Event "St Petersburg-Moscow"]
[Site "Moscow"]
[Date "2002.10.23"]
[Round "2"]
[White "Sakaev, Konstantin"]
[Black "Grischuk, Alexander"]
[Result "1/2-1/2"]
[WhiteElo "2647"]
[BlackElo "2702"]
[PlyCount "73"]
[EventDate "2002.10.22"]
[EventType "team"]
[EventRounds "2"]
[EventCountry "RUS"]
[SourceTitle "CBM 090 Extra"]
[Source "ChessBase"]
[SourceDate "2002.11.07"]
[SourceVersion "1"]
[SourceVersionDate "2002.11.07"]
[SourceQuality "1"]

1. d4 Nf6 2. c4 e6 3. Nf3 b6 4. a3 Bb7 5. Nc3 d5 6. cxd5 Nxd5 7. Qc2 Nxc3 8.
bxc3 c5 9. e4 Nc6 10. Bb2 cxd4 11. cxd4 Rc8 12. Qd2 Bd6 13. Bd3 O-O 14. O-O Re8
15. Rfd1 Na5 16. Qe2 f5 17. d5 exd5 18. e5 g6 19. Bb5 Re6 20. Qd2 Bc5 21. Qf4
Qc7 22. Rac1 a6 23. Bf1 Qg7 24. h4 h6 25. a4 Kh7 26. Rc2 Nc4 27. Bxc4 dxc4 28.
Rxc4 b5 29. axb5 axb5 30. Rc2 Be4 31. Rcd2 Rc7 32. Nd4 Bxd4 33. Rxd4 g5 34.
hxg5 Qxg5 35. Qxg5 hxg5 36. f3 Bc2 37. R1d2 1/2-1/2

[Event "Olympiad-35"]
[Site "Bled"]
[Date "2002.10.27"]
[Round "2.2"]
[White "Fedorov, Alexei"]
[Black "Grischuk, Alexander"]
[Result "1/2-1/2"]
[WhiteElo "2564"]
[BlackElo "2702"]
[PlyCount "57"]
[EventDate "2002.10.26"]
[EventType "team-swiss"]
[EventRounds "14"]
[EventCountry "SLO"]
[SourceTitle "EXT 2003"]
[Source "ChessBase"]
[SourceDate "2002.11.25"]
[SourceVersion "1"]
[SourceVersionDate "2002.11.25"]
[SourceQuality "1"]
[WhiteTeam "Belarus"]
[BlackTeam "Russia"]
[WhiteTeamCountry "BLR"]
[BlackTeamCountry "RUS"]

1. e4 c6 2. d3 e5 3. Nf3 Nf6 4. g3 d6 5. Bg2 g6 6. O-O Bg7 7. a4 O-O 8. a5 Re8
9. Nbd2 Na6 10. b3 b5 11. axb6 axb6 12. Bb2 Bb7 13. d4 exd4 14. Nxd4 Nc7 15.
Rxa8 Bxa8 16. Qa1 c5 17. N4f3 Bxe4 18. Nxe4 Rxe4 19. Rd1 Re2 20. Nd2 d5 21. Nc4
Rxc2 22. Ne3 Rxb2 23. Qxb2 Ne4 24. Qc2 Nc3 25. Rd3 Qa8 26. Rxc3 Qa1+ 27. Qc1
Bxc3 28. Qxa1 Bxa1 29. Nxd5 1/2-1/2

[Event "Olympiad-35"]
[Site "Bled"]
[Date "2002.11.10"]
[Round "14.1"]
[White "Ljubojevic, Ljubomir"]
[Black "Grischuk, Alexander"]
[Result "1/2-1/2"]
[WhiteElo "2557"]
[BlackElo "2702"]
[PlyCount "23"]
[EventDate "2002.10.26"]
[EventType "team-swiss"]
[EventRounds "14"]
[EventCountry "SLO"]
[SourceTitle "EXT 2003"]
[Source "ChessBase"]
[SourceDate "2002.11.25"]
[SourceVersion "1"]
[SourceVersionDate "2002.11.25"]
[SourceQuality "1"]
[WhiteTeam "Yugoslavia"]
[BlackTeam "Russia"]
[WhiteTeamCountry "YUG"]
[BlackTeamCountry "RUS"]

1. d4 d5 2. Nf3 Nf6 3. c4 dxc4 4. e3 e6 5. Bxc4 c5 6. O-O a6 7. dxc5 Qxd1 8.
Rxd1 Bxc5 9. Nbd2 O-O 10. Nb3 Be7 11. Bd2 Nc6 12. Na5 1/2-1/2

[Event "Corus"]
[Site "Wijk aan Zee"]
[Date "2003.01.18"]
[Round "6"]
[White "Kramnik, Vladimir"]
[Black "Grischuk, Alexander"]
[Result "1/2-1/2"]
[WhiteElo "2807"]
[BlackElo "2712"]
[Annotator "Roiz,M"]
[PlyCount "40"]
[EventDate "2003.01.11"]
[EventType "tourn"]
[EventRounds "13"]
[EventCountry "NED"]
[EventCategory "18"]
[SourceTitle "CBM 093"]
[Source "ChessBase"]
[SourceDate "2003.04.01"]
[SourceVersion "1"]
[SourceVersionDate "2003.04.01"]
[SourceQuality "1"]

1. e4 c5 2. Nc3 Nc6 3. Nf3 e5 4. Bc4 d6 5. d3 Be7 6. O-O (6. Nd2 {Is another
popular line.}) 6... Nf6 7. Ng5 O-O 8. f4 Bg4 {This logical move can be
reasonable alternative to the main 8...exf4} (8... exf4 9. Bxf4 h6 10. Nf3 Be6
{is the main line. The practice shows, that white has good chances to fight
for the opening adventage here.} 11. Nd5 (11. Qd2 d5 $1 12. exd5 Nxd5 13. Bxd5
Bxd5 14. Rae1 Re8 15. Kh1 Bxf3 16. Rxf3 Nd4 $11 {0.5-0.5 Drozdov,I-Landa,K/
Noyabrsk 1995}) 11... Bxd5 12. exd5 Nb4 (12... Na5 13. Nh4 $1 Nxc4 14. dxc4 Qd7
15. Bd2 Qg4 16. Nf5 Rfe8 17. Rf3 Kh7 18. Qf1 $36 {1-0 Kovalev,A-Sveshnikov,E/
Rowy 1999}) 13. Bd2 Nbxd5 14. Nh4 Nc7 15. Nf5 d5 16. Bb3 $36 {-see comments to
Macieja,B-Bobras,P/POL-ch 59th Warsaw 2002[Postny]}) 9. Qe1 exf4 (9... Nd4 $6
10. fxe5 dxe5 11. Qh4 $1 h6 12. Nxf7 Rxf7 13. Bxf7+ Kxf7 14. Qxg4 Nxc2 15. Rb1
Qd4+ 16. Kh1 Qxd3 17. Bxh6 $2 (17. Qe2 $16) 17... gxh6 18. Rbd1 Qa6 19. Nd5 Rd8
20. Rf3 Rxd5 21. exd5 Nd4 $13 {0.5-0.5 Gdanski,J-Tomczak,R/POL-ch 59th Warsaw
2002}) 10. Bxf4 Nd4 11. Qd2 Qd7 (11... h6 12. Nh3 $5 Qd7 13. Bg3 {[%cal Gh3f4]}
Bxh3 14. gxh3 Qxh3 15. Nd5 Nxd5 16. Bxd5 $44 {[%csl Gd5,Rf7][%cal Gc2c3,Gf1f7]}
) 12. a4 (12. h3 Bh5 13. Kh2 b5 14. Bb3 Nxb3 15. axb3 b4 16. Ne2 d5 17. e5 Ne8
{[%cal Ge8c7,Gc7e6]} 18. Nf3 Nc7 19. Bg5 f6 20. exf6 Bxf6 21. Bxf6 Rxf6 22.
Nfg1 Qd6+ {0.5-0.5 Nikolenko,O-Neverov,V/Czestochowa op 1992}) 12... h6 13. Nf3
(13. Nh3 {is not actual now:} Bxh3 14. gxh3 Qxh3 15. Kh1 Nh5 16. Nd5 Bg5 $1 {
[%csl Rg3][%cal Gh5g3]}) 13... Nxf3+ 14. gxf3 Be6 (14... Bh3 $6 15. Rf2 Be6 $2
16. Bxh6 gxh6 17. Qxh6 $18 {[%cal Gf2g2]}) 15. Kh1 {[%cal Gf1g1]} Kh7 {[%csl
Rh6][%cal Gh7h6]} 16. Bb5 $6 {After this move black is out of danger.} (16.
Rae1 $142 $1 Bd8 (16... Rfe8 $4 17. Bb5) 17. Bb5 $1 Qc7 18. d4 $14) 16... Qd8
17. d4 cxd4 18. Ne2 (18. Qxd4 Nh5 19. Be3 Bf6 20. Qd3 Be5 $1 21. f4 $140 Bxc3
22. Qxc3 f5 $1 23. Bd3 Bd7 $1 $15 {[%cal Gd7c6]}) 18... Nh5 19. Bg3 Nxg3+ (
19... a6 $1 20. Bd3 Nxg3+ 21. hxg3 Qb6 22. a5 Qc5 $15) 20. hxg3 Bg5 (20... Bg5
21. f4 Bf6 22. Nxd4 a6 23. Be2 $11) (20... a6 $142 {-19...a6}) 1/2-1/2